000
00301nam a22001337a 4500
008
181030b xxu||||| |||| 00| 0 eng d
020
_a
9780942710304
041
_a
eng
080
_a
370
100
_a
39
101
_a
EDU
245
_a
High Impact Resume Letters
_c
Ronald.L.K
942
_2
udc
_c
BK
999
_c
51084
_d
51084